Rozpoznaj polskie miasto po tramwaju - Statystyki

Ogólne statystyki
  • Ten quiz został rozwiązany 102 razy
  • Średni wynik to 7 z 8
Statystyki odpowiedzi
Obrazkowy Odpowiedź % Poprawnych
Kraków
99%
Warszawa
98%
Wrocław
95%
Gdańsk
91%
Bydgoszcz
85%
Łódź
79%
Szczecin
78%
Toruń
67%
Nie znaleziono quizów pasujących do podanych kryteriów
Rozkład punktacji
Procent ludzi z każdym wynikiem
Percentyl według liczby udzielonych odpowiedzi
Twoja historia wyników
Nie rozwiązałeś tego quizu